Jugadores que han debutado en la selección con Lopetegui - Estadísticas

Estadísticas generales
  • Esta prueba ha sido intentada 133 veces
  • La puntuación promedio es 6 de 12
Estadísticas de respuestas
Equipo Jugador % Correcto
Celta Iago Aspas
90%
Lazio Luis Alberto
69%
Atlético Saúl
63%
Athletic Kepa
58%
Las Palmas Jonathan Viera
51%
Valencia Parejo
50%
Manchester United Ander Herrera
47%
Villarreal Rodri
46%
Milán Suso
43%
Chelsea Marcos Alonso
39%
Real Sociedad Odriozola
30%
Real Sociedad Illarramendi
29%
No se encontraron pruebas coincidentes
Distribución de puntuación
Porcentaje de gente con cada puntuación
Porcentaje por número respondido
Historial de tus puntuaciones
No has intentado esta prueba.